00310cam a22000977a 4500008004000000082002000040245002800060260005800088300001100146500005500157180718b1965 xxu||||| |||| 00| 0 eng d aLoox5452 M267ac aThe Madras account code aMadrasbThe Director of Stationery and Printingc1965 a447+p. aContents : Library has v.3 : Departmental Accounts